[Event "DSOL 06 Liga Gr-C 1st"]
[Site "Playchess.com INT"]
[Date "2020.07.24"]
[Round "5.1"]
[White "Maisuradze, Daviti"]
[Black "Fink, Eberhard"]
[Result "1-0"]
[WhiteElo "1802"]
[BlackElo "1878"]
[PlyCount "71"]
[EventDate "2020.06.22"]
[EventType "team-tourn (rapid)"]
[EventCountry "GER"]
[SourceTitle "EXT 2021"]
[Source "ChessBase"]
[SourceDate "2020.10.23"]
[SourceVersion "1"]
[SourceVersionDate "2020.10.23"]
[SourceQuality "1"]
[WhiteTeam "Hamburger SK V"]
[BlackTeam "Welzheim"]
[WhiteTeamCountry "GER"]
[BlackTeamCountry "GER"]

1. e4 e5 2. Nf3 Nf6 3. Nc3 d6 4. h3 Be7 5. d3 0-0 6. Be2 Nc6 7. 0-0 h6 8. Nh2 Nd4 9. f4 exf4 10. Bxf4 Nxe2+ 11. Nxe2 Bd7 12. Qd2 Kh7 13. Ng3 Qc8 14. Be3 c5 15. Nf5 Bxf5 16. Rxf5 Qe6 17. Raf1 b6 18. b3 Rad8 19. c4 Rde8 20. Ng4 Nxg4 21. hxg4 Qg6 22. Qe2 Bg5 23. Bxg5 hxg5 24. R5f3 f6 25. a3 Rh8 26. b4 Kg8 27. bxc5 bxc5 28. Rh3 Rh6 29. Kf2 Kh7 30. Rb1 Qf7 31. a4 Qc7 32. Rxh6+ gxh6 33. Qb2 Kg6 34. Qb7 Qa5 35. Qd5 Re5 36. Qg8# 1-0

[Event "DSOL 06 Liga Gr-C 1st"]
[Site "Playchess.com INT"]
[Date "2020.07.13"]
[Round "4.1"]
[White "Fink, Eberhard"]
[Black "Bock, Timothy"]
[Result "0-1"]
[WhiteElo "1878"]
[BlackElo "1654"]
[PlyCount "70"]
[EventDate "2020.06.22"]
[EventType "team-tourn (rapid)"]
[EventCountry "GER"]
[SourceTitle "EXT 2021"]
[Source "ChessBase"]
[SourceDate "2020.10.23"]
[SourceVersion "1"]
[SourceVersionDate "2020.10.23"]
[SourceQuality "1"]
[WhiteTeam "Welzheim"]
[BlackTeam "Horst Emscher II"]
[WhiteTeamCountry "GER"]
[BlackTeamCountry "GER"]

1. e4 c5 2. Bc4 e6 3. c3 d5 4. exd5 exd5 5. Bb3 Bf5 6. d4 cxd4 7. Qxd4 Nf6 8. Nf3 Nc6 9. Qf4 Bg6 10. 0-0 Bd6 11. Re1+ Ne7 12. Qa4+ Kf8 13. Bg5 h6 14. Bxf6 gxf6 15. Qd4 Kg7 16. Nbd2 Re8 17. Rad1 b6 18. Kh1 Bc5 19. Qh4 Nf5 20. Rxe8 Qxe8 21. Qg4 Bxf2 22. Nf1 Qe2 23. Qa4 b5 24. Qf4 Re8 25. Ng3 Nxg3+ 26. hxg3 Qxb2 27. Bxd5 Rd8 28. Qc7 Bb6 29. Qe7 Qxc3 30. Nh4 Qc2 31. Rf1 Rxd5 32. Qxf6+ Kh7 33. g4 Bd8 34. Qf3 Rd3 35. Qb7 Rd1 0-1

[Event "GER-ch Net Amateur Gr-B Vor3"]
[Site "Playchess.com INT"]
[Date "2020.04.16"]
[Round "6"]
[White "Fink, Eberhard"]
[Black "Vassiliou, Leander"]
[Result "1-0"]
[WhiteElo "1583"]
[BlackElo "1346"]
[PlyCount "51"]
[EventDate "2020.04.16"]
[EventType "swiss (blitz)"]
[EventRounds "9"]
[EventCountry "GER"]
[SourceTitle "CBM 195 Extra"]
[Source "ChessBase"]
[SourceDate "2020.05.31"]
[SourceVersion "1"]
[SourceVersionDate "2020.05.31"]
[SourceQuality "1"]

1. e4 c5 2. Nf3 e6 3. d4 cxd4 4. Nxd4 Nf6 5. Nc3 Qb6 6. Nf3 Bb4 7. Bd2 Bxc3 8. Bxc3 Nxe4 9. Bd4 Qa5+ 10. c3 0-0 11. Bd3 Nc5 12. Bc2 Nc6 13. Be3 d5 14. 0-0 Nd7 15. Ng5 h6 16. Qd3 g6 17. Nxf7 Rxf7 18. Qxg6+ Kf8 19. Bxh6+ Ke7 20. Bg5+ Kf8 21. Qxe6 Nf6 22. Qd6+ Kg7 23. Rfe1 Qc7 24. Bxf6+ Kg8 25. Re8+ Rf8 26. Qxf8# 1-0

[Event "GER-ch Net Amateur Gr-B Vor3"]
[Site "Playchess.com INT"]
[Date "2020.04.16"]
[Round "9"]
[White "Heutling, Elina"]
[Black "Fink, Eberhard"]
[Result "1-0"]
[WhiteElo "1607"]
[BlackElo "1583"]
[PlyCount "36"]
[EventDate "2020.04.16"]
[EventType "swiss (blitz)"]
[EventRounds "9"]
[EventCountry "GER"]
[SourceTitle "CBM 195 Extra"]
[Source "ChessBase"]
[SourceDate "2020.05.31"]
[SourceVersion "1"]
[SourceVersionDate "2020.05.31"]
[SourceQuality "1"]

1. e4 e5 2. Nf3 Nc6 3. d4 exd4 4. Bc4 Be7 5. c3 d6 6. cxd4 Nf6 7. Nc3 Bg4 8. Be3 0-0 9. h3 Bh5 10. g4 Bg6 11. Bd3 Nb4 12. Bb1 c6 13. a3 Na6 14. Nh4 Nxe4 15. Nxg6 Nxc3 16. Nxe7+ Qxe7 17. bxc3 Nc7 18. Qd3 Nd5 1-0

[Event "GER-ch Net Amateur Gr-B Vor3"]
[Site "Playchess.com INT"]
[Date "2020.04.16"]
[Round "4"]
[White "Schaper, Jan Erik"]
[Black "Fink, Eberhard"]
[Result "1-0"]
[WhiteElo "1696"]
[BlackElo "1583"]
[PlyCount "105"]
[EventDate "2020.04.16"]
[EventType "swiss (blitz)"]
[EventRounds "9"]
[EventCountry "GER"]
[SourceTitle "CBM 195 Extra"]
[Source "ChessBase"]
[SourceDate "2020.05.31"]
[SourceVersion "1"]
[SourceVersionDate "2020.05.31"]
[SourceQuality "1"]

1. d4 d5 2. Bf4 Nf6 3. Nc3 e6 4. e3 Be7 5. Nf3 0-0 6. Be2 Nbd7 7. Nb5 Nh5 8. Bxc7 Qe8 9. Nd6 Bxd6 10. Bxd6 f5 11. Bxf8 Nxf8 12. Ne5 Nf6 13. 0-0 Ng6 14. c4 Nxe5 15. dxe5 Nd7 16. cxd5 Nxe5 17. dxe6 Bxe6 18. Qd4 Nc6 19. Qh4 Ne5 20. b3 Ng6 21. Qb4 Bd5 22. Bc4 Qc6 23. Bxd5+ Qxd5 24. Qc4 Qxc4 25. bxc4 Rc8 26. Rfc1 b6 27. Rab1 Ne5 28. Rb3 Rxc4 29. Rxc4 Nxc4 30. Rd3 Ne5 31. Rd8+ Kf7 32. Ra8 a5 33. Ra7+ Kf6 34. Rb7 Nc4 35. Kf1 h5 36. Ke2 g5 37. Kd3 Ne5+ 38. Kc3 Ng4 39. Rxb6+ Ke5 40. Rb5+ Ke6 41. f3 Nxh2 42. Rxa5 Nf1 43. Ra6+ Ke5 44. Kd3 Ng3 45. a4 g4 46. fxg4 hxg4 47. Ra8 Nh5 48. a5 Nf6 49. a6 Nd7 50. a7 Nb6 51. Re8+ Kf6 52. a8Q Nxa8 53. Rxa8 1-0

[Event "GER-ch Net Amateur Gr-B Vor2"]
[Site "Playchess.com INT"]
[Date "2020.04.15"]
[Round "5"]
[White "Dederichs, Wolfgang"]
[Black "Fink, Eberhard"]
[Result "1-0"]
[WhiteElo "1789"]
[BlackElo "1574"]
[PlyCount "77"]
[EventDate "2020.04.15"]
[EventType "swiss (blitz)"]
[EventRounds "9"]
[EventCountry "GER"]
[SourceTitle "CBM 196 Extra"]
[Source "ChessBase"]
[SourceDate "2020.07.31"]
[SourceVersion "1"]
[SourceVersionDate "2020.07.31"]
[SourceQuality "1"]

1. f4 d5 2. Nf3 Nc6 3. e3 Nf6 4. Be2 Bf5 5. b3 e6 6. Bb2 Be7 7. Bb5 Qd6 8. 0-0 0-0 9. a3 a6 10. Be2 b5 11. b4 Rad8 12. d3 Ng4 13. Qc1 Bf6 14. d4 Qe7 15. h3 Nh6 16. g4 Be4 17. Nbd2 g6 18. g5 Nf5 19. gxf6 Qxf6 20. Nxe4 dxe4 21. Ng5 Rd5 22. Nxe4 Qh4 23. Kh2 Nh6 24. Rg1 Ne7 25. Ng5 Nef5 26. e4 Nxd4 27. Bxd4 Rxd4 28. Qb2 Rd2 29. Rae1 Qf2+ 30. Rg2 Qxe1 31. Bf3 Rxg2+ 32. Bxg2 Qf2 33. Qc3 Qxf4+ 34. Kg1 Qxg5 35. e5 Rd8 36. Qf3 Nf5 37. Kh2 Nh4 38. Qb3 Qg3+ 39. Qxg3 1-0

[Event "GER-ch Net Amateur Gr-B Vor1"]
[Site "Playchess.com INT"]
[Date "2020.04.14"]
[Round "6"]
[White "Diehl, Mirko"]
[Black "Fink, Eberhard"]
[Result "1-0"]
[WhiteElo "1818"]
[BlackElo "1618"]
[PlyCount "91"]
[EventDate "2020.04.14"]
[EventType "swiss (blitz)"]
[EventRounds "9"]
[EventCountry "GER"]
[SourceTitle "EXT 2021"]
[Source "ChessBase"]
[SourceDate "2020.10.23"]
[SourceVersion "1"]
[SourceVersionDate "2020.10.23"]
[SourceQuality "1"]

1. d4 d5 2. Bf4 Nf6 3. e3 e6 4. Nd2 Bd6 5. Bg3 0-0 6. Ngf3 Nbd7 7. Bd3 Qe7 8. Ne5 c5 9. c3 b6 10. f4 Bb7 11. 0-0 g6 12. Bh4 Qe8 13. Bg5 Nh5 14. Be2 Ng7 15. Bh6 f6 16. Nxd7 Qxd7 17. h4 Nf5 18. Bxf8 Nxe3 19. Qe1 Rxf8 20. Qg3 Nxf1 21. Rxf1 cxd4 22. cxd4 Qa4 23. h5 Qxd4+ 24. Kh1 g5 25. Nb3 Qxb2 26. Qe3 Bxf4 27. Qxe6+ Kg7 28. Qe7+ Rf7 29. h6+ Kxh6 30. Qxf7 Qxe2 31. Qxf6+ Kh5 32. Rxf4 gxf4 33. Qf5+ Kh6 34. Qxf4+ Kg6 35. Nd4 Qh5+ 36. Kg1 Qg5 37. Qd6+ Kh5 38. Nf3 Qe3+ 39. Kh2 d4 40. Qd7 Bxf3 41. Qxh7+ Kg5 42. Qg7+ Kh5 43. Qf7+ Kg4 44. Qg6+ Qg5 45. gxf3+ Kf4 46. Qe4# 1-0

[Event "GER-ch Net Amateur Gr-B Vor1"]
[Site "Playchess.com INT"]
[Date "2020.04.14"]
[Round "9"]
[White "Fink, Eberhard"]
[Black "May, Alexander"]
[Result "1-0"]
[WhiteElo "1598"]
[BlackElo "1471"]
[PlyCount "53"]
[EventDate "2020.04.14"]
[EventType "swiss (blitz)"]
[EventRounds "9"]
[EventCountry "GER"]
[SourceTitle "EXT 2021"]
[Source "ChessBase"]
[SourceDate "2020.10.23"]
[SourceVersion "1"]
[SourceVersionDate "2020.10.23"]
[SourceQuality "1"]

1. e4 c5 2. Nf3 d6 3. Bc4 Nf6 4. d3 e6 5. 0-0 Be7 6. Bg5 a6 7. a4 b6 8. Nbd2 Bb7 9. c3 Nbd7 10. Qe2 0-0 11. d4 h6 12. Be3 Nxe4 13. Nxe4 Bxe4 14. Bxa6 Bxf3 15. gxf3 cxd4 16. cxd4 d5 17. Bd3 Qb8 18. Kh1 Bd6 19. Rg1 Bxh2 20. Rg2 Bf4 21. Rag1 g6 22. Bxg6 fxg6 23. Rxg6+ Kh8 24. Rxe6 Bxe3 25. Qxe3 Nf6 26. Qxh6+ Nh7 27. Qg7# 1-0

[Event "GER-ch Net blitz qual4"]
[Site "Playchess.com INT"]
[Date "2020.03.23"]
[Round "3"]
[White "Braeutigam, Katerina"]
[Black "Fink, Eberhard"]
[Result "0-1"]
[WhiteElo "1696"]
[BlackElo "1834"]
[PlyCount "86"]
[EventDate "2020.03.23"]
[EventType "swiss (blitz)"]
[EventRounds "9"]
[EventCountry "GER"]
[SourceTitle "CBM 195 Extra"]
[Source "ChessBase"]
[SourceDate "2020.05.31"]
[SourceVersion "1"]
[SourceVersionDate "2020.05.31"]
[SourceQuality "1"]

1. e4 e5 2. Nf3 Nc6 3. Bb5 a6 4. Ba4 Nf6 5. 0-0 d6 6. Bxc6+ bxc6 7. Re1 Be7 8. c3 Bg4 9. h3 Bd7 10. d4 exd4 11. cxd4 0-0 12. Nbd2 Rb8 13. Nf1 d5 14. e5 Ne4 15. N1d2 Bf5 16. Nxe4 Bxe4 17. Nd2 Bg6 18. Nb3 Be4 19. f3 Bg6 20. Bd2 Bh4 21. Rf1 Bd3 22. Bg5 Bxg5 23. Qxd3 Bf4 24. Qc2 Qg5 25. Qxc6 Qg3 26. Rfe1 Qh2+ 27. Kf1 Bg3 28. Red1 Qh1+ 29. Ke2 Qxg2+ 30. Ke3 Qf2+ 31. Kd3 Qxf3+ 32. Kc2 Qe4+ 33. Kc3 a5 34. Rd3 Rb4 35. Rxg3 Rc4+ 36. Qxc4 dxc4 37. Kxc4 Qe2+ 38. Kc3 Qf2 39. Rd3 Rd8 40. Rc1 Qe2 41. Rcd1 a4 42. Nc5 Rb8 43. Na6 Qxb2+ 0-1

[Event "GER-ch Net blitz qual4"]
[Site "Playchess.com INT"]
[Date "2020.03.23"]
[Round "8"]
[White "Fink, Eberhard"]
[Black "Armbrust, Matthias"]
[Result "0-1"]
[WhiteElo "1834"]
[BlackElo "1834"]
[PlyCount "70"]
[EventDate "2020.03.23"]
[EventType "swiss (blitz)"]
[EventRounds "9"]
[EventCountry "GER"]
[SourceTitle "CBM 195 Extra"]
[Source "ChessBase"]
[SourceDate "2020.05.31"]
[SourceVersion "1"]
[SourceVersionDate "2020.05.31"]
[SourceQuality "1"]

1. e4 c5 2. Nf3 d6 3. Bc4 Nc6 4. d4 cxd4 5. Nxd4 Nf6 6. Nc3 e6 7. 0-0 Be7 8. Bg5 Qa5 9. Nf3 0-0 10. Qe2 Ne5 11. Nxe5 Qxe5 12. f4 Qa5 13. Kh1 h6 14. Bh4 Bd7 15. e5 dxe5 16. fxe5 Nd5 17. Bxd5 Bxh4 18. Bxb7 Rab8 19. Be4 Rxb2 20. Qf3 Qxe5 21. g3 Bf6 22. Rae1 Qxc3 23. Bd3 Bc6 24. Re4 Rb4 25. Rfe1 Bxe4 26. Rxe4 Rxe4 27. Qxe4 g6 28. Kg2 Kg7 29. Kh3 Qe5 30. Qf3 Qh5+ 31. Kg2 Qxf3+ 32. Kxf3 Rd8 33. h4 g5 34. h5 Rd4 35. g4 Ra4 0-1

[Event "GER-ch Net blitz qual3"]
[Site "Playchess.com INT"]
[Date "2020.03.21"]
[Round "2"]
[White "Federau, Juergen1111"]
[Black "Fink, Eberhard"]
[Result "1-0"]
[WhiteElo "2124"]
[BlackElo "1834"]
[PlyCount "51"]
[EventDate "2020.03.21"]
[EventType "swiss (blitz)"]
[EventRounds "9"]
[EventCountry "GER"]
[SourceTitle "CBM 195 Extra"]
[Source "ChessBase"]
[SourceDate "2020.05.31"]
[SourceVersion "1"]
[SourceVersionDate "2020.05.31"]
[SourceQuality "1"]

1. d4 d5 2. c4 e6 3. Nc3 Nf6 4. Bg5 Be7 5. e3 0-0 6. Nf3 dxc4 7. Bxc4 b6 8. 0-0 Bb7 9. Qe2 Nbd7 10. Rac1 c5 11. Rfd1 cxd4 12. Nxd4 Rc8 13. Ba6 Nc5 14. Bxb7 Nxb7 15. Nxe6 Qe8 16. Nxf8 Qxf8 17. Bxf6 Bxf6 18. Nd5 Be5 19. g3 Nc5 20. Nf4 Qe8 21. b4 Na4 22. Rxc8 Qxc8 23. Qc2 Nc3 24. Nd5 Bf6 25. Nxf6+ gxf6 26. Rd3 1-0

[Event "GER-ch Net blitz qual3"]
[Site "Playchess.com INT"]
[Date "2020.03.21"]
[Round "1"]
[White "Fink, Eberhard"]
[Black "Kopylov, Daniel"]
[Result "0-1"]
[WhiteElo "1834"]
[BlackElo "2348"]
[PlyCount "58"]
[EventDate "2020.03.21"]
[EventType "swiss (blitz)"]
[EventRounds "9"]
[EventCountry "GER"]
[SourceTitle "CBM 195 Extra"]
[Source "ChessBase"]
[SourceDate "2020.05.31"]
[SourceVersion "1"]
[SourceVersionDate "2020.05.31"]
[SourceQuality "1"]

1. e4 d5 2. exd5 Qxd5 3. Nc3 Qd6 4. Nf3 Bg4 5. Be2 Nc6 6. 0-0 Nf6 7. d3 e6 8. Bg5 h6 9. Bh4 0-0-0 10. Ne4 Qe7 11. Nxf6 gxf6 12. Qd2 Rg8 13. Qf4 Rg6 14. c3 h5 15. b4 Bh6 16. Qc4 Rdg8 17. Rfe1 Qd7 18. b5 Bxf3 19. Bxf3 Ne5 20. Rxe5 fxe5 21. Bg3 Bf4 22. Bxh5 Rh6 23. Bf3 Bxg3 24. fxg3 Qd6 25. Qe4 Qb6+ 26. d4 exd4 27. cxd4 Rd8 28. Rd1 Rhh8 29. a4 a5 0-1

[Event "GER-ch Net blitz qual3"]
[Site "Playchess.com INT"]
[Date "2020.03.21"]
[Round "8"]
[White "Fink, Eberhard"]
[Black "Lachmann, Utz"]
[Result "0-1"]
[WhiteElo "1834"]
[BlackElo "2093"]
[PlyCount "59"]
[EventDate "2020.03.21"]
[EventType "swiss (blitz)"]
[EventRounds "9"]
[EventCountry "GER"]
[SourceTitle "CBM 195 Extra"]
[Source "ChessBase"]
[SourceDate "2020.05.31"]
[SourceVersion "1"]
[SourceVersionDate "2020.05.31"]
[SourceQuality "1"]

1. e4 d6 2. Nf3 Nf6 3. Nc3 c5 4. Bc4 Nc6 5. 0-0 g6 6. h3 Bg7 7. d4 cxd4 8. Nxd4 0-0 9. Be3 Bd7 10. Qd2 Rc8 11. Nf3 a6 12. Bd3 b5 13. Bh6 Ne5 14. Nxe5 dxe5 15. Bxg7 Kxg7 16. Qg5 Qc7 17. f4 exf4 18. Rxf4 Qc5+ 19. Qxc5 Rxc5 20. Raf1 Be6 21. a3 Nd7 22. Be2 Ne5 23. b4 Rxc3 24. Kh2 Bc4 25. Bxc4 Rxc4 26. R1f2 f6 27. g4 g5 28. Rf5 e6 29. Rxe5 fxe5 30. Rxf8 0-1

[Event "Staufer op 32nd"]
[Site "Schwaebisch Gmuend"]
[Date "2020.01.04"]
[Round "5"]
[White "Fink, Eberhard"]
[Black "Wagner, Julian"]
[Result "1-0"]
[WhiteElo "1829"]
[BlackElo "1790"]
[PlyCount "61"]
[EventDate "2020.01.02"]
[EventType "swiss"]
[EventRounds "9"]
[EventCountry "GER"]
[SourceTitle "EXT 2021"]
[Source "ChessBase"]
[SourceDate "2020.10.23"]
[SourceVersion "1"]
[SourceVersionDate "2020.10.23"]
[SourceQuality "1"]

1. e4 c5 2. Nf3 d6 3. Bc4 Nf6 4. d3 g6 5. Bg5 Bg7 6. c3 0-0 7. 0-0 h6 8. Bd2 d5 9. exd5 Nxd5 10. d4 cxd4 11. Nxd4 Nb6 12. Bb3 e5 13. Ne2 Qc7 14. Na3 a6 15. Ng3 Kh7 16. Qe2 f5 17. f3 Nc6 18. Rad1 Na5 19. Bc2 Nac4 20. Nxc4 Nxc4 21. Bc1 Nxb2 22. Bxb2 Qb6+ 23. Kh1 Qxb2 24. Nh5 Qxc3 25. Nxg7 Kxg7 26. Bb3 Qc7 27. Rc1 Qe7 28. Rfd1 Re8 29. Qe3 Qf6 30. Rc7+ Re7 31. Qc5 1-0

[Event "Staufer op 32nd"]
[Site "Schwaebisch Gmuend"]
[Date "2020.01.04"]
[Round "6"]
[White "Goetz, Jan Erik"]
[Black "Fink, Eberhard"]
[Result "1-0"]
[WhiteElo "1810"]
[BlackElo "1829"]
[PlyCount "71"]
[EventDate "2020.01.02"]
[EventType "swiss"]
[EventRounds "9"]
[EventCountry "GER"]
[SourceTitle "EXT 2021"]
[Source "ChessBase"]
[SourceDate "2020.10.23"]
[SourceVersion "1"]
[SourceVersionDate "2020.10.23"]
[SourceQuality "1"]

1. d4 d5 2. c4 e6 3. Nc3 Nf6 4. cxd5 exd5 5. Bg5 Be7 6. e3 0-0 7. Bd3 c6 8. h3 Nbd7 9. Nge2 Re8 10. Qc2 Nf8 11. g4 b5 12. 0-0-0 a5 13. Kb1 Bd7 14. Ng3 a4 15. Nce2 b4 16. Qd2 b3 17. a3 Ne4 18. Nxe4 Bxg5 19. Nxg5 Qxg5 20. Rc1 Ne6 21. Bf5 g6 22. Bxe6 fxe6 23. f4 Qe7 24. g5 Rec8 25. Ng3 c5 26. dxc5 Rxc5 27. Rxc5 Qxc5 28. Rc1 Qd6 29. Ne4 Qe7 30. Nf6+ Kf8 31. Rc7 Rd8 32. Qd4 e5 33. Qa7 Bf5+ 34. Ka1 Rc8 35. Nxh7+ Kg8 36. Rxc8+ 1-0